Finance for small and entrepreneurial businesses / (Record no. 22145)
[ view plain ]
| 000 -LEADER | |
|---|---|
| fixed length control field | 00950cam a22002895a 4500 |
| 001 - CONTROL NUMBER | |
| control field | 18308436 |
| 005 - DATE AND TIME OF LATEST TRANSACTION | |
| control field | 20160809160637.0 |
| 008 - FIXED-LENGTH DATA ELEMENTS--GENERAL INFORMATION | |
| fixed length control field | 140919s2015 enka frb 001 0 eng d |
| 010 ## - LIBRARY OF CONGRESS CONTROL NUMBER | |
| LC control number | 2014036607 |
| 020 ## - INTERNATIONAL STANDARD BOOK NUMBER | |
| International Standard Book Number | 9780415721004 |
| 020 ## - INTERNATIONAL STANDARD BOOK NUMBER | |
| International Standard Book Number | 0415721008 |
| 040 ## - CATALOGING SOURCE | |
| Original cataloging agency | DLC |
| Language of cataloging | eng |
| Transcribing agency | DLC |
| Modifying agency | DLC |
| 042 ## - AUTHENTICATION CODE | |
| Authentication code | pcc |
| 082 04 - DEWEY DECIMAL CLASSIFICATION NUMBER | |
| Edition number | 22 |
| Classification number | 658.15 |
| Item number | ROB |
| 100 1# - MAIN ENTRY--PERSONAL NAME | |
| Personal name | Roberts, Richard G. |
| 9 (RLIN) | 40696 |
| 245 10 - TITLE STATEMENT | |
| Title | Finance for small and entrepreneurial businesses / |
| Statement of responsibility, etc | Richard Roberts. |
| 260 ## - PUBLICATION, DISTRIBUTION, ETC. (IMPRINT) | |
| Place of publication, distribution, etc | Oxford ; |
| -- | New York : |
| Name of publisher, distributor, etc | Routledge / Taylor & Francis Group, |
| Date of publication, distribution, etc | 2015. |
| 300 ## - PHYSICAL DESCRIPTION | |
| Extent | xiv, 132 p. : |
| Other physical details | ill. ; |
| Dimensions | 24 cm. |
| 490 0# - Series Statement | |
| Series statement | Routledge-ISBE masters in entrepreneurship |
| 500 ## - GENERAL NOTE | |
| General note | Index : p. 129-132. |
| 504 ## - BIBLIOGRAPHY, ETC. NOTE | |
| Bibliography, etc | Includes bibliographical references. |
| 650 #7 - SUBJECT ADDED ENTRY--TOPICAL TERM | |
| Topical term or geographic name as entry element | Small business |
| General subdivision | Finance. |
| Source of heading or term | BUEsh |
| 9 (RLIN) | 36459 |
| 650 #7 - SUBJECT ADDED ENTRY--TOPICAL TERM | |
| Topical term or geographic name as entry element | New business enterprises |
| General subdivision | Finance. |
| Source of heading or term | BUEsh |
| 9 (RLIN) | 40697 |
| 651 ## - SUBJECT ADDED ENTRY--GEOGRAPHIC NAME | |
| Source of heading or term | BUEsh |
| 653 ## - INDEX TERM--UNCONTROLLED | |
| Resource For college | BAEPS, Business Administration |
| Arrived date list | August 2016 |
| 942 ## - ADDED ENTRY ELEMENTS (KOHA) | |
| Source of classification or shelving scheme | Dewey Decimal Classification |
| Edition | 22 |
| Call number prefix | 658.15 ROB |
| Withdrawn status | Item status | Source of classification or shelving scheme | Damaged status | Not for loan | Vendor | Home library | Current library | Shelving location | Date acquired | Source of acquisition | Cost, normal purchase price | Serial Enumeration / chronology | Total Checkouts | Full call number | Barcode | Date last seen | Cost, replacement price | Koha item type |
|---|---|---|---|---|---|---|---|---|---|---|---|---|---|---|---|---|---|---|
| Dewey Decimal Classification | Baccah | Central Library | Central Library | First floor | 09/08/2016 | Purchase | 420.00 | 25846 | 658.15 ROB | 000033129 | 15/07/2025 | 525.00 | Book - Borrowing | |||||
| Dewey Decimal Classification | Baccah | Central Library | Central Library | First floor | 09/08/2016 | Purchase | 420.00 | 25846 | 658.15 ROB | 000033134 | 15/07/2025 | 525.00 | Book - Borrowing |